Statistiques concernant Pays en 9 lettres

Cliquez ici pour prendre le quiz!

Statistiques générales

  • Ce quiz a été pris 45 fois
  • Le résultat moyen est 9 sur 13

Statistiques - réponses

Pays% Correct
Argentine
83%
Allemagne
77%
Indonésie
74%
Venezuela
74%
Costa Rica
71%
États-Unis
71%
Australie
69%
Slovaquie
69%
Guatemala
66%
Thaïlande
63%
Nicaragua
60%
Dominique
57%
Singapour
49%

Distribution des résultats

Percentile par nombre de réponses

% des personnes avec chaque résultat

Votre développement - résultats

Vous n’avez pas pris ce quiz